000
00259nam a22001217a 4500
003
SGT
082
_a
370
_b
FUR
100
_a
FURBER, STEVE
245
_a
ARM SYSTEM- ON-CHIP ARCHITECTURE
260
_a
DELHI
_b
PEARSON
_c
2007
300
_a
427
942
_2
ddc
_c
BK
999
_c
18409
_d
18409